<?xml version="1.0" encoding="UTF-8"?>
<record
    xmlns:xsi="http://www.w3.org/2001/XMLSchema-instance"
    xsi:schemaLocation="http://www.loc.gov/MARC21/slim http://www.loc.gov/standards/marcxml/schema/MARC21slim.xsd"
    xmlns="http://www.loc.gov/MARC21/slim">

  <leader>02065    a2200277   4500</leader>
  <controlfield tag="003">Nust</controlfield>
  <controlfield tag="005">20220812111120.0</controlfield>
  <datafield tag="010" ind1=" " ind2=" ">
    <subfield code="a">   00043688</subfield>
  </datafield>
  <datafield tag="020" ind1=" " ind2=" ">
    <subfield code="a">0471384321 (cloth : alk. paper)</subfield>
  </datafield>
  <datafield tag="040" ind1=" " ind2=" ">
    <subfield code="c">Nust</subfield>
  </datafield>
  <datafield tag="082" ind1="0" ind2="0">
    <subfield code="a">621.38133,HAR</subfield>
  </datafield>
  <datafield tag="100" ind1="1" ind2=" ">
    <subfield code="a">Hartnagel, Hans,</subfield>
    <subfield code="9">96959</subfield>
  </datafield>
  <datafield tag="245" ind1="1" ind2="0">
    <subfield code="a">Microwave noise in semiconductor devices /</subfield>
    <subfield code="c">Hans Ludwig Hartnagel, Ramunas Katilius, Arvydas Matulionis.</subfield>
  </datafield>
  <datafield tag="260" ind1=" " ind2=" ">
    <subfield code="a">New York :</subfield>
    <subfield code="b">Wiley,</subfield>
    <subfield code="c">c2001.</subfield>
  </datafield>
  <datafield tag="300" ind1=" " ind2=" ">
    <subfield code="a">xviii, 293 p. :</subfield>
    <subfield code="b">ill. ;</subfield>
    <subfield code="c">25 cm.</subfield>
  </datafield>
  <datafield tag="505" ind1=" " ind2=" ">
    <subfield code="a">Introduction (Page-1), Kinetic Theory of Nonequilibrium Processes (Page-16), Fluctuations: Kinetic Theory (Page-25), Effect of Interelectron Collisions on Fluctuation Phenomena (Page-37), Boltzmann-Langevin Equation (Page-44), Fluctuations and Diffusion (Page-50), Features of Hot-Electron Fluctuation Spectra (Page-62), Experimental Techniques (Page-81), Hot-Electron Microwave Noise in Elementary Semiconductors (Page-96), Hot-Electron Microwave Noise in GaAs and InP (Page-116), Length-Dependent Hot-Electron Noise (Page-128), Hot-Electron Noise in Doped Semiconductors: Theory (Page-147), Electronic Noise in Standard-Doped n-Type GaAs (Page-161), Electron Diffusion in Standard-Doped n-Type GaAs (Page-175), Electronic Subbands in Quantum Wells (Page-181Hot-Electron Noise in ALGaAs/GaAs 2DEG Channels (Page-197), Hot-Electron Noise in InP-Based 2DEG Channels (Page-209),  Cutoff Frequencies of Fast and Ultrafast Processes (Page-220), Spatially Inhomogeneous Fluctuations (Page-230), Monte Carlo Approach to Microwave Noise in Devices (Page-245), </subfield>
    <subfield code="r"> </subfield>
  </datafield>
  <datafield tag="511" ind1=" " ind2=" ">
    <subfield code="a"> </subfield>
  </datafield>
  <datafield tag="650" ind1=" " ind2="0">
    <subfield code="a">Semiconductors.</subfield>
    <subfield code="9">11016</subfield>
  </datafield>
  <datafield tag="650" ind1=" " ind2="0">
    <subfield code="a">Telecommunication Engineering.</subfield>
  </datafield>
  <datafield tag="700" ind1="1" ind2=" ">
    <subfield code="a">Katilius, Ramunas.</subfield>
    <subfield code="9">96960</subfield>
  </datafield>
  <datafield tag="700" ind1="1" ind2=" ">
    <subfield code="a">Matulionis, A.</subfield>
    <subfield code="d">1946-</subfield>
    <subfield code="9">96961</subfield>
  </datafield>
  <datafield tag="856" ind1="4" ind2="2">
    <subfield code="3">Contributor biographical information</subfield>
    <subfield code="u">http://www.loc.gov/catdir/bios/wiley042/00043688.html</subfield>
  </datafield>
  <datafield tag="856" ind1="4" ind2="2">
    <subfield code="3">Publisher description</subfield>
    <subfield code="u">http://www.loc.gov/catdir/description/wiley034/00043688.html</subfield>
  </datafield>
  <datafield tag="856" ind1="4" ind2="2">
    <subfield code="3">Table of Contents</subfield>
    <subfield code="u">http://www.loc.gov/catdir/toc/onix06/00043688.html</subfield>
  </datafield>
  <datafield tag="942" ind1=" " ind2=" ">
    <subfield code="c">REF</subfield>
    <subfield code="2">ddc</subfield>
  </datafield>
  <datafield tag="999" ind1=" " ind2=" ">
    <subfield code="c">175659</subfield>
    <subfield code="d">175659</subfield>
  </datafield>
  <datafield tag="952" ind1=" " ind2=" ">
    <subfield code="0">0</subfield>
    <subfield code="1">0</subfield>
    <subfield code="2">ddc</subfield>
    <subfield code="4">0</subfield>
    <subfield code="7">0</subfield>
    <subfield code="a">MCS</subfield>
    <subfield code="b">MCS</subfield>
    <subfield code="c">REF</subfield>
    <subfield code="d">2016-12-12</subfield>
    <subfield code="o">621.38133,HAR</subfield>
    <subfield code="p">MCS30725</subfield>
    <subfield code="r">2016-12-08</subfield>
    <subfield code="w">2016-12-12</subfield>
    <subfield code="y">REF</subfield>
    <subfield code="z">Almirah No.21, Shelf No.3</subfield>
  </datafield>
</record>
